000 01074nas a2200325 4500
001 BR8103659
003 BR-BrBNA
005 20231205084805.0
007 ta
008 230509b bl.|||p| |||| 00| 00por d
040 _aBR-BrBNA
_bpor
_cBiblioteca Nacional de Agricultura
041 _a(Pt)
072 _aF25; E10
100 1 _aRocha, M.
111 1 _a1. Seminario de Tecnologia na Agroindustria Canavieira do Estado do Espirito Santo
_cVitoria, ES (Brazil)
_d14 May 1981
245 1 _aA industria brasileira de fertilizantes: panorama atual e perspectivas [Consumo; Nitrogenio; Fosforo; Potassio]
650 _aFertilizante
650 _aMacroeconomia
650 _aFertilizante nitrogenado
650 _aFertilizante potassico
650 _aFertilizante fosfatado
650 _aIndustrializacao
650 _aConsumo
650 _aProducao
650 _aNPK
650 _aAmonia
773 0 _tBrasil Acucareiro (Brazil)
_xISSN 0006-9167
_g(Jun 1981), v. 97(6) p. 42-56
_wBR8103659
909 _a202311
_bLúcia
_c55
_dLúcia Elande
942 _2AGRIS
_n0
_cANA
999 _c107293
_d107293